| 000 | 00925cab a22002295a 4500 | ||
|---|---|---|---|
| 001 | L159862 | ||
| 008 | 150113e2017 xxk 000 0 eng d | ||
| 035 | _a(Sirsi) u159862 | ||
| 041 | 0 | _aeng | |
| 100 | 1 | _aSkinner, Chris | |
| 245 | 0 | 0 |
_aMore than a building surveying report _h[electronic resource] |
| 260 |
_aLondon _bRICS _c2017 |
||
| 490 |
_aRICS Building Surveying Journal _vMay - June 2017, 8-9(2) |
||
| 520 | _aExplains how commercial building surveyors can provide a technical bid support role to protect a client?s interests with a case study for a complex site acquisition. | ||
| 650 | 2 | 4 | _aBUILDING SURVEYING REPORT |
| 650 | 2 | 4 | _aSITE ACQUISITION |
| 650 | 2 | 4 |
_aCommercial property _96227 |
| 651 | 4 |
_aUnited Kingdom _y |
|
| 690 |
_aBuilding surveying _96225 |
||
| 856 | 4 | 0 |
_uhttps://issuu.com/ricsmodus/docs/building_surveying_journal_may_june_e51321e7dff376 _yAvailable free online via Issuu |
| 942 |
_n0 _2ddc |
||
| 999 |
_c85025 _d85025 |
||